Fr. Conceicao Rodrigues College of Engineering

Semiconductor modeling:For simulation (Record no. 33600)

MARC details
000 -LEADER
fixed length control field 00364nam a2200157Ia 4500
082 ## - DEWEY DECIMAL CLASSIFICATION NUMBER
Classification number 621.3815
Item number LEV
100 ## - MAIN ENTRY--PERSONAL NAME
Personal name Leventhal/Roy/ Green/L
245 ## - TITLE STATEMENT
Title Semiconductor modeling:For simulation
260 ## - PUBLICATION, DISTRIBUTION, ETC.
Name of publisher, distributor, etc. Springer
Date of publication, distribution, etc. 2006
366 ## - TRADE AVAILABILITY INFORMATION
Publishers's discount category 25
300 ## - PHYSICAL DESCRIPTION
Extent 766
546 ## - LANGUAGE NOTE
Language note ENGLISH
-- PAMPHALETS
650 ## - SUBJECT ADDED ENTRY--TOPICAL TERM
Topical term or geographic name entry element Semiconductor
654 ## - SUBJECT ADDED ENTRY--FACETED TOPICAL TERMS
Focus term semiconductor
942 ## - ADDED ENTRY ELEMENTS (KOHA)
Koha item type Reference Book
Holdings
Withdrawn status Lost status Damaged status Not for loan Collection Home library Current library Date acquired Source of acquisition Cost, normal purchase price Inventory number Total Checkouts Full call number Barcode Date last seen Cost, replacement price Price effective from Koha item type
        CRC Fr. Agnel's C.Rodrigues College of Engineering Fr. Agnel's C.Rodrigues College of Engineering 17/03/2023 Allied Publishers 742.50 2820 dt 19/02/2013   621.3815 LEV 22561 17/03/2023 990.00   Reference Book